Thiết kế cảnh quan vườn - rừng Đại học Cần Thơ : Báo cáo khoa học đề tài nghiên cứu cấp trường

Đề tài với mục tiêu: thiết kế cây xanh bằng nhièu mô hình khác nhau dựa vào phong thủy và hiện trạng của khu vực; đưa ra những mô hình thiết kế cây xanh để Ban giám hiệu lựa chọn. Về mục đích lâu dài thì khu vực này là nơi để sinh viên ,...

ver descrição completa

Na minha lista:
Detalhes bibliográficos
Autor principal: Lê, Văn Bé
Formato: Livro
Idioma:Undetermined
Publicado em: Cần Thơ Trường Đại học Cần Thơ 2011
Assuntos:
Tags: Adicionar Tag
Sem tags, seja o primeiro a adicionar uma tag!
Thư viện lưu trữ: Trung tâm Học liệu Trường Đại học Cần Thơ
LEADER 01351nam a2200229Ia 4500
001 CTU_165248
008 210402s9999 xx 000 0 und d
082 |a 712.7 
082 |b B200 
088 |a T2010-33 
100 |a Lê, Văn Bé 
245 0 |a Thiết kế cảnh quan vườn - rừng Đại học Cần Thơ : 
245 0 |b Báo cáo khoa học đề tài nghiên cứu cấp trường 
245 0 |c Lê Văn Bé (chủ nhiệm đề tài) ; Võ Quang Minh, Lã Chí Cường, Phạm Hồng Ngọc (Tham gia thực hiện) 
260 |a Cần Thơ 
260 |b Trường Đại học Cần Thơ 
260 |c 2011 
520 |a Đề tài với mục tiêu: thiết kế cây xanh bằng nhièu mô hình khác nhau dựa vào phong thủy và hiện trạng của khu vực; đưa ra những mô hình thiết kế cây xanh để Ban giám hiệu lựa chọn. Về mục đích lâu dài thì khu vực này là nơi để sinh viên , công viên chức thư giãn, tạo cảnh quan đẹp trong khuôn viên khu II Đại học Cần Thơ. 
650 |a Landscape design,Thiết kế cảnh quan 
904 |i Thảo, Hải 
915 |a NN 
980 |a Trung tâm Học liệu Trường Đại học Cần Thơ